Bài tập di truyền Sách dùng cho các trường đại học và cao đẳng

Trình bày các bài tập về cơ sở vật chất và cơ chế phân tử, cơ chế tế bào của sự kế tục và biến đổi vật chất di truyền. Các qui luật di truyền như: tương tác di truyền, di truyền độc lập, liên kết, quần thể và di truyền người...

Volledige beschrijving

Bewaard in:
Bibliografische gegevens
Hoofdauteur: Nguyễn Minh Công
Andere auteurs: Lê Đình Trung, Vũ Đức Lưu
Formaat: Boek
Taal:Vietnamese
Gepubliceerd in: H. Giáo dục 2009
Editie:Tái bản lần thứ 7
Onderwerpen:
Tags: Voeg label toe
Geen labels, Wees de eerste die dit record labelt!
Thư viện lưu trữ: Trung tâm Học liệu Lê Vũ Hùng, Trường Đại học Đồng Tháp
LEADER 01472pam a22003138a 4500
001 00025825
005 20171026081023.0
008 110811s2009 ||||||viesd
020 # # |a 25000đ 
041 0 # |a vie 
082 1 4 |a 576.507 6  |b B103T 
100 1 # |a Nguyễn Minh Công 
245 1 0 |a Bài tập di truyền  |b Sách dùng cho các trường đại học và cao đẳng  |c Nguyễn Minh Công, Vũ Đức Lưu, Lê Đình Trung 
250 # # |a Tái bản lần thứ 7 
260 # # |a H.  |b Giáo dục  |c 2009 
300 # # |a 159 tr.  |b bảng  |c 27cm. 
520 3 # |a Trình bày các bài tập về cơ sở vật chất và cơ chế phân tử, cơ chế tế bào của sự kế tục và biến đổi vật chất di truyền. Các qui luật di truyền như: tương tác di truyền, di truyền độc lập, liên kết, quần thể và di truyền người 
653 # # |a Bài tập 
653 # # |a Giáo trình 
653 # # |a Di truyền 
700 1 # |a Lê Đình Trung 
700 1 # |a Vũ Đức Lưu 
852 # # |b Kho giáo trình  |j KGT.0031867, KGT.0031868, KGT.0031869 
852 # # |b Kho mượn  |j KGT.0031867 
852 # # |b Kho đọc  |j KD.0010661 
852 # # |j KD.0010661  |j KGT.0031867  |j KGT.0031869  |j KGT.0031868 
910 |d 11/08/2011 
980 # # |a Trung tâm Học liệu Lê Vũ Hùng, Trường Đại học Đồng Tháp